[Event "Olympiad Women 2024"]
[Site "Budapest HUN"]
[Date "2024.09.12"]
[Round "2.32"]
[Board "3"]
[White "Shohradova, Leyla"]
[Black "Bochnickova, Simona"]
[Result "0-1"]
[WhiteElo "1873"]
[BlackElo "2138"]
[PlyCount "86"]
[EventDate "2024.09.11"]
[WhiteTeam "Turkmenistan"]
[BlackTeam "Slovakia"]
[WhiteTeamCountry "TKM"]
[BlackTeamCountry "SVK"]

1. d4 Nf6 2. c4 e6 3. g3 d5 4. Bg2 Bb4+ 5. Bd2 Bd6 6. Nf3 O-O 7. Qc2 c6 8. O-O Nbd7 9. Nc3 dxc4 10. Bg5 Re8 $146 ({RR} 10... h6 11. Bxf6 Qxf6 12. Ne4 Qe7 13. Nxd6 Qxd6 14. Qxc4 e5 15. Rad1 e4 16. Nd2 Nb6 17. Qc5 Qe6 18. Nxe4 Qxa2 19. Rd2 Be6 20. b4 Qb3 21. Rd3 Qb2 22. Rd2 Qb3 23. Rd3 Qb2 24. Rd2 Qb3 {½-½ Matthiesen,A (2315)-Aagaard,J (2534) DEN-chT 1011 49th 2010 (7.1)}) ({RR} 10... h6 11. Bxf6 Qxf6 12. Ne4 Qg6 13. Rac1 Bc7 14. Ned2 Qxc2 15. Rxc2 e5 16. Nxc4 exd4 17. Nxd4 Ne5 18. Nd2 Bd7 19. N2b3 Rad8 20. e3 Bc8 21. a3 Rfe8 22. Rfc1 Bb6 23. Ra1 h5 24. Be4 Ng4 25. Bf3 {0-1 Phan Nguyen Mai Chi (2122)-Le,T (2243) ch-AUS 2024 Adelaide AUS (9.5)}) 11. Nd2 h6 12. Nxc4 Bc7 13. Bxf6 Nxf6 14. Rad1 Qe7 15. e4 b5 16. Ne3 Ba6 17. Rfe1 Rad8 18. Ne2 Ba5 19. Rf1 Bb6 20. e5 Nd5 21. Qxc6 b4 22. Qc2 Nxe3 23. fxe3 Rc8 24. Qd2 b3 25. axb3 Ba5 26. Nc3 Bxf1 27. Rxf1 Red8 28. Qd3 Qg5 29. Nb5 Qxe5 30. Nxa7 Rc5 31. Nc6 Rxc6 32. Bxc6 Qg5 33. Qe2 e5 34. Qf2 f6 35. d5 Bb6 36. Re1 f5 37. Kf1 f4 38. gxf4 exf4 39. Qg2 Qf6 40. exf4 Qxf4+ 41. Ke2 Qd4 42. d6 Rxd6 43. Be4 Qe3+ 0-1

[Event "Olympiad Women 2024"]
[Site "Budapest HUN"]
[Date "2024.09.12"]
[Round "2.32"]
[Board "4"]
[White "Walter, Ema"]
[Black "Rejepova, Jahan"]
[Result "1/2-1/2"]
[WhiteElo "2055"]
[BlackElo "1915"]
[PlyCount "67"]
[EventDate "2024.09.11"]
[WhiteTeam "Slovakia"]
[BlackTeam "Turkmenistan"]
[WhiteTeamCountry "SVK"]
[BlackTeamCountry "TKM"]

1. e4 e6 2. d4 d5 3. exd5 exd5 4. Nf3 Nf6 5. Bd3 Bd6 6. Qe2+ Be7 7. O-O O-O 8. Re1 Bd6 9. Bg5 Bg4 10. Nbd2 Nbd7 11. Qf1 c6 12. Ne5 Qc7 $146 ({RR} 12... Qb6 13. c3 Rfe8 14. Nxg4 Nxg4 15. Bf5 Ngf6 16. Qd3 Qc7 17. Qh3 Rxe1+ 18. Rxe1 Bf4 19. Nf3 Bxg5 20. Nxg5 Nf8 21. Qg3 Qxg3 22. hxg3 Re8 23. Kf1 g6 24. Rxe8 Nxe8 25. Bd3 Nd6 26. Ke2 f6 27. Nf3 {½-½ Fernandes,J (2044)-Lopez Gonzalez,A (2219) Guimaraes op 3rd 2019 (4)}) 13. Nxg4 Nxg4 14. g3 h6 15. Qh3 Ndf6 16. Bxf6 Nxf6 17. Re3 Qb6 18. Nb3 a5 19. a4 Rae8 20. Rae1 Rxe3 21. Rxe3 Qb4 22. Rf3 Re8 23. Rxf6 gxf6 24. Qxh6 Re4 25. Bxe4 Qe1+ 26. Kg2 Qxe4+ 27. Kf1 Qxc2 28. Qxf6 Qxb3 29. Qg5+ Kh7 30. Qh5+ Kg7 31. Qg5+ Kh7 32. Qh5+ Kg7 33. Qg5+ Kh7 34. Qh5+ 1/2-1/2

[Event "Olympiad Women 2024"]
[Site "Budapest HUN"]
[Date "2024.09.12"]
[Round "2.33"]
[Board "1"]
[White "Cramling, Pia"]
[Black "Timergazi, Layla"]
[Result "1-0"]
[WhiteElo "2425"]
[BlackElo "1979"]
[PlyCount "67"]
[EventDate "2024.09.11"]
[WhiteTeam "Sweden"]
[BlackTeam "New Zealand"]
[WhiteTeamCountry "SWE"]
[BlackTeamCountry "NZL"]

1. c4 Nf6 2. Nf3 c5 3. g3 b6 4. Bg2 Bb7 5. O-O g6 6. d3 Bg7 7. e4 d6 8. Nc3 O-O 9. h3 Nc6 10. Be3 Nd7 11. d4 cxd4 12. Nxd4 Rc8 13. b3 Nc5 14. Rc1 Nxd4 $146 ({RR} 14... Qd7 15. Nde2 Rcd8 16. Qd2 Qc8 17. Bh6 Qa8 18. Nd5 e6 19. Bxg7 Kxg7 20. Qc3+ f6 21. Ndf4 e5 22. Nd5 Ne6 23. Qd2 Ncd4 24. Nec3 Rd7 25. f4 Nc7 26. Ne3 Re7 27. f5 g5 28. Nc2 Nxc2 29. Qxd6 {1-0 Williams,J (2230)-Casella,M (2235) USA tt ICC INT 2012 (2)}) 15. Bxd4 f5 16. Bxg7 Kxg7 17. exf5 Bxg2 18. Kxg2 Rxf5 19. Qd2 Qd7 20. Rce1 Rcf8 21. b4 Na6 22. Nd5 e6 23. Ne3 Rf3 24. Rd1 Qf7 25. Kg1 h5 26. Ng2 e5 27. Qxd6 Rxf2 28. Qxe5+ Kh7 29. Rxf2 Qxf2+ 30. Kh2 Rf7 31. Rd8 Qf6 32. Qxf6 Rxf6 33. Rd7+ Kh6 34. a3 1-0

[Event "Olympiad Women 2024"]
[Site "Budapest HUN"]
[Date "2024.09.12"]
[Round "2.33"]
[Board "2"]
[White "Zhang, Jasmine Haomo"]
[Black "Agrest, Inna"]
[Result "1/2-1/2"]
[WhiteElo "1956"]
[BlackElo "2197"]
[PlyCount "56"]
[EventDate "2024.09.11"]
[WhiteTeam "New Zealand"]
[BlackTeam "Sweden"]
[WhiteTeamCountry "NZL"]
[BlackTeamCountry "SWE"]

1. d4 Nf6 2. c4 g6 3. Nc3 Bg7 4. e4 d6 5. h3 O-O 6. Be3 Nc6 7. Nge2 e5 8. d5 Nd4 9. Nxd4 exd4 10. Bxd4 Nxe4 11. Nxe4 Re8 12. f3 f5 13. Bxg7 Kxg7 14. Qd4+ Kg8 15. Bd3 fxe4 16. Bxe4 Qh4+ 17. Qf2 Rxe4+ 18. fxe4 Qxe4+ 19. Qe2 $146 ({RR} 19. Kf1 Qxc4+ 20. Kg1 Qxd5 21. Rc1 c6 22. Qg3 Bf5 23. Kh2 Qxa2 24. Qxd6 Qxb2 25. Rce1 Rf8 26. Re7 Qf6 27. Qxf6 Rxf6 28. Rxb7 Rf7 29. Rxf7 Kxf7 30. g4 Be4 31. Re1 Bd5 32. g5 a5 33. Ra1 h6 {½-½ Zhou,J (2621)-Tabatabaei,M (2590) Asia Nations Cup 2018 (3.3)}) 19... Qh4+ 20. Kd2 Qd4+ 21. Kc1 Bd7 22. Rd1 Qf4+ 23. Qd2 Qxc4+ 24. Qc2 Qf4+ 25. Qd2 Qc4+ 26. Qc2 Qf4+ 27. Qd2 Qc4+ 28. Qc2 Qf4+ 1/2-1/2

[Event "Olympiad Women 2024"]
[Site "Budapest HUN"]
[Date "2024.09.12"]
[Round "2.33"]
[Board "3"]
[White "Cramling Bellon, Anna"]
[Black "Ning, Isabelle Yixuan"]
[Result "1-0"]
[WhiteElo "2066"]
[BlackElo "1915"]
[PlyCount "95"]
[EventDate "2024.09.11"]
[WhiteTeam "Sweden"]
[BlackTeam "New Zealand"]
[WhiteTeamCountry "SWE"]
[BlackTeamCountry "NZL"]

1. d4 Nf6 2. c4 g6 3. Nc3 Bg7 4. e4 d6 5. h3 O-O 6. Nf3 e5 7. d5 a5 8. Bg5 Na6 9. Nd2 Qe8 10. Be2 Nd7 11. g4 Ndc5 12. Nb3 ({RR} 12. Nf1 f5 13. gxf5 gxf5 14. Rg1 Kh8 15. Ng3 f4 16. Nh5 Qg6 17. Kd2 Bh6 18. h4 Bxg5 19. Rxg5 Nxe4+ 20. Nxe4 Qxe4 21. Qg1 Qd4+ 22. Kc1 e4 23. Nxf4 Bf5 24. Qg3 Nc5 25. Qe3 Qe5 26. h5 Rae8 {½-½ Kanyamarala,T (2285)-Ben Ari,Y (2436) Sardinia World Open A 2024 (6.25)}) 12... a4 ({RR} 12... Nxb3 13. Qxb3 Nc5 14. Qc2 Bd7 15. h4 f5 16. gxf5 gxf5 17. Rg1 Kh8 18. h5 f4 19. Bf3 Bf6 20. Bxf6+ Rxf6 21. O-O-O Qe7 22. Qe2 Rff8 23. Nb5 Bxb5 24. cxb5 Rg8 25. Bg4 Rg5 26. f3 h6 27. Rg2 {0-1 Cramling Bellon,A (2164)-Dannenberg,O (1902) EU-chT (Women) 22nd 2019 (2.14)}) 13. Nxc5 Nxc5 14. Qd2 $146 ({RR} 14. Rg1 Kh8 15. Qd2 f5 16. exf5 gxf5 17. Bh6 Bxh6 18. Qxh6 fxg4 19. hxg4 Qf7 20. f3 Qf4 21. Qxf4 Rxf4 22. Kd2 Bd7 23. Ke3 Raf8 24. Rab1 Be8 25. b4 axb3 26. axb3 Bg6 27. Rb2 e4 28. fxe4 Nxe4 {½-½ Misanovic,V (2384)-Reizniece Ozola,D (2275) Olympiad Women-34 2000 (6.1)}) 14... f5 15. gxf5 gxf5 16. Rg1 Kh8 17. Bh6 Bxh6 18. Qxh6 Qe7 19. f3 Qf6 20. Rg6 Qxg6 21. Qxf8+ Qg8 22. Qf6+ Qg7 23. Qd8+ Qg8 24. Qxg8+ Kxg8 25. h4 Bd7 26. Kd2 Rf8 27. Rg1+ Kh8 28. Ke3 fxe4 29. Nxe4 Nxe4 30. fxe4 Rf4 31. h5 h6 32. b4 axb3 33. axb3 Rh4 34. b4 Be8 35. Ra1 Bxh5 36. Bxh5 Rxh5 37. Ra8+ Kg7 38. Rc8 Rh3+ 39. Kf2 Rc3 40. Rxc7+ Kf6 41. c5 Rc4 42. cxd6 Rxe4 43. Rc8 Rf4+ 44. Ke3 Rd4 45. d7 Rxd5 46. d8=Q+ Rxd8 47. Rxd8 h5 48. Rh8 1-0

[Event "Olympiad Women 2024"]
[Site "Budapest HUN"]
[Date "2024.09.12"]
[Round "2.33"]
[Board "4"]
[White "Braganza, Nadia"]
[Black "Valcu, Lavinia"]
[Result "1/2-1/2"]
[WhiteElo "1892"]
[BlackElo "2076"]
[PlyCount "78"]
[EventDate "2024.09.11"]
[WhiteTeam "New Zealand"]
[BlackTeam "Sweden"]
[WhiteTeamCountry "NZL"]
[BlackTeamCountry "SWE"]

1. c4 e5 2. Nc3 Nc6 3. g3 Nf6 4. Bg2 Bc5 5. e3 d5 6. Nxd5 Nxd5 7. cxd5 Nb4 8. d3 Nxd5 9. Nf3 Qe7 10. O-O O-O 11. d4 ({RR} 11. a3 Bd6 12. Qc2 c6 13. b3 Re8 14. Bb2 Nf6 15. Nd2 Bf5 16. Nc4 Bc7 17. e4 Bd7 18. b4 b5 19. Nd2 a5 20. Bc3 axb4 21. axb4 Rxa1 22. Rxa1 Bd6 23. Qb2 c5 24. bxc5 Bxc5 25. d4 exd4 {½-½ Markowski,T (2610)-Bareev,E (2739) EU-chT (Men) 14th 2003 (7.2)}) ({RR} 11. a3 a5 12. Qb3 c6 13. d4 exd4 14. exd4 Bb6 15. Re1 Qf6 16. Bg5 Qg6 17. Be3 a4 18. Qd1 Nxe3 19. fxe3 Be6 20. Ne5 Qg5 21. Qd3 Rad8 22. Qc3 Bc7 23. Nf3 Qh5 24. Rec1 Rfe8 25. Qb4 Bd5 {½-½ Marjanovic,A (2264)-Boros,D (2406) Saint Louis Super Swiss 2023 (3.8)}) 11... exd4 12. Nxd4 Nf6 $146 ({RR} 12... c6 13. a3 Nf6 14. b4 Bb6 15. Bb2 Bg4 16. Qc2 Rad8 17. h3 Bh5 18. Nf5 Qe6 19. g4 Bg6 20. e4 Bxf5 21. exf5 Qd6 22. Rad1 Nd5 23. Bxd5 cxd5 24. Bd4 Rfe8 25. Bxb6 Qxb6 26. Rd3 Re5 27. Rc1 {1-0 Ruckschloss,K (2257)-Schwarz,D (2303) SVK-chT2A 1617 2016 (10.1)}) 13. Nb3 Bb6 14. Qc2 Re8 15. Nd2 c6 16. b3 Bg4 17. Bb2 Rad8 18. Nc4 Bc7 19. Bd4 b5 20. Nb2 Be5 21. Bxe5 Qxe5 22. Nd3 Qf5 23. Nb4 Qxc2 24. Nxc2 c5 25. Bc6 Bd7 26. Bxd7 Rxd7 27. Na3 a6 28. Rad1 Red8 29. Rxd7 Rxd7 30. Rc1 Rd5 31. Nc2 Kf8 32. Ne1 Nd7 33. Nf3 Ke7 34. Kf1 c4 35. bxc4 Rc5 36. Nd2 Nb6 37. Ke2 bxc4 38. Rc3 Ke6 39. e4 a5 1/2-1/2

[Event "Olympiad Women 2024"]
[Site "Budapest HUN"]
[Date "2024.09.12"]
[Round "2.34"]
[Board "1"]
[White "Paulo, Jemima"]
[Black "Khamdamova, Afruza"]
[Result "0-1"]
[WhiteElo "2037"]
[BlackElo "2313"]
[PlyCount "73"]
[EventDate "2024.09.11"]
[WhiteTeam "Angola"]
[BlackTeam "Uzbekistan"]
[WhiteTeamCountry "ANG"]
[BlackTeamCountry "UZB"]

1. c4 {Kramnik,Vladimir} e6 2. Nc3 d5 3. d4 Nf6 4. Nf3 Be7 5. Bg5 h6 6. Bh4 O-O 7. e3 b6 8. Bd3 dxc4 ({RR} 8... Bb7 9. O-O Nbd7 10. Qe2 c5) 9. Bxc4 Bb7 10. O-O a6 11. Qe2 Nbd7 12. Rfd1 ({RR} 12. a4 Ne4 ({RR} 12... Nd5 13. Bxd5 exd5 14. Bxe7 Qxe7 15. a5) 13. Nxe4 Bxh4 14. Nc3 Be7 15. Rfd1 c6) 12... b5 ({RR} 12... Nd5 13. Bg3 ({RR} 13. Bxd5 exd5 14. Bxe7 Qxe7 15. a3) ({RR} 13. Nxd5 exd5 14. Bxe7 Qxe7 15. Bd3 ({RR} 15. Bb3 Nf6 16. Rac1 c5) 15... c5) 13... Nxc3 14. bxc3 Bd6 ({RR} 14... Nf6 15. Bd3 Ne4 16. Qc2 Nxg3 17. hxg3 Qd5 18. a4) 15. e4 ({RR} 15. a4 Bxg3 ({RR} 15... Qe7 16. e4) 16. hxg3 c5 ({RR} 16... Nf6 17. Bd3 Qe7 18. e4) 17. e4) 15... Bxg3 16. hxg3 b5 ({RR} 16... Qe7 17. a4) 17. Bd3 Nb6 ({RR} 17... c5 18. a4) 18. Qe3 ({RR} 18. Bc2 Qe7 19. a4 Nxa4 20. Bxa4 bxa4 21. Rxa4 c5) ({RR} 18. Rac1 Qe7 19. c4 bxc4 20. Bxc4 c5 21. dxc5 Nd7) 18... Na4 ({RR} 18... Qe7 19. Ne5 ({RR} 19. g4)) 19. Bc2 Nb2 20. Rdb1 ({RR} 20. Re1 Nc4 21. Qe2 c5) 20... Nc4 21. Qc1 c5 ({RR} 21... f5 22. exf5 ({RR} 22. Nd2 Nxd2 23. Qxd2 Bxe4) 22... exf5 23. a4 f4) 22. a4 cxd4 23. cxd4 Rc8 ({RR} 23... Qd7 24. Bd3 Rfc8 25. Qe1 Nd6 26. g4) 24. axb5 axb5 25. Qe1 ({RR} 25. Rxb5 Nd6 26. Rc5 Bxe4) 25... Bc6 26. Rb4 ({RR} 26. Bd3 Ra8 27. Rc1 Rxa1 28. Rxa1 Qb6 29. Rc1 Ra8) 26... Ra8 27. Rd1 {1-0 Kramnik,V (2784)-Andreikin,D (2716) FIDE World Cup 2013 (7.1)}) 13. Bd3 ({RR} 13. Bb3 Ne4 14. Nxe4 Bxh4 15. d5 e5 16. a4 bxa4 17. Bxa4 f5 18. Bxd7 fxe4 19. Be6+ Kh8 20. Nxh4 Qxh4 21. Rac1 a5 22. Rxc7 Ba6 23. Qd2 Bd3 24. Rdc1 Kh7 25. Rc8 Raxc8 26. Rxc8 Rf6 27. h3 Qh5 {1-0 Schneider,S (2372)-Glimbrant,T (2133) TCh-SWE Elitserien 2022 (7.4)}) 13... Qe8 ({RR} 13... Rc8 14. a4 b4 15. Nb1 a5 16. Nbd2 c5 17. Bb5) 14. Rac1 ({RR} 14. a4 b4 15. Nb1 c5 16. Nbd2 cxd4 17. Nxd4 Nc5) 14... c5 15. dxc5 $146 ({RR} 15. Bb1 Rc8 16. Ne5 cxd4 17. exd4 Nb6 18. Qd3 g6 19. Qe2 Kg7 20. a3 Nbd5 21. Nxd5 Rxc1 22. Rxc1 Nxd5 23. Bg3 Bg5 24. Rc5 Qe7 25. Qc2 Bf6 26. Nxg6 fxg6 27. Qxg6+ Kh8 28. Qxh6+ Kg8 29. Bd6 Qg7 {½-½ Schneider,S (2360)-Mons,L (2178) BL2-Ost 1011 2010 (4.5)}) ({RR} 15. Bb1 Rc8 16. a3 cxd4 17. exd4 Nb6 18. Qd3 g6 19. Bg3 Nbd5 20. Nxd5 Bxd5 21. Qe3 Kh7 22. Ne5 Nh5 23. Rxc8 Qxc8 24. Rc1 Qd8 25. Qd3 f5 26. f3 Nxg3 27. hxg3 Bd6 28. Qe3 Bxe5 29. Qxe5 Rf7 {½-½ Malakhatko,V (2556)-Zakharevich,I (2500) Cappelle op 22nd 2006 (4)}) 15... Nxc5 16. Bxf6 Nxd3 17. Rxd3 Bxf6 18. e4 b4 19. Nd1 Qb5 20. Rd2 Qxe2 21. Rxe2 Rac8 22. Rxc8 Rxc8 23. Kf1 g5 24. Ke1 Rc1 25. Kd2 Ra1 26. Ne1 Rxa2 27. Kc2 Ra1 28. f3 Bc6 29. e5 Bg7 30. Nf2 a5 31. Ned3 Rg1 32. Ng4 Bf8 33. Rd2 a4 34. Ne3 Bb5 35. h3 Kg7 36. h4 gxh4 37. Nf4 0-1

[Event "Olympiad Women 2024"]
[Site "Budapest HUN"]
[Date "2024.09.12"]
[Round "2.34"]
[Board "2"]
[White "Yakubbaeva, Nilufar"]
[Black "Caxita, Esperanca"]
[Result "0-1"]
[WhiteElo "2248"]
[BlackElo "1932"]
[PlyCount "80"]
[EventDate "2024.09.11"]
[WhiteTeam "Uzbekistan"]
[BlackTeam "Angola"]
[WhiteTeamCountry "UZB"]
[BlackTeamCountry "ANG"]

1. e4 d5 2. exd5 Qxd5 3. Nc3 Qd6 4. d4 Nf6 5. Nf3 a6 6. g3 Bg4 7. h3 Bh5 8. Bg2 Nc6 9. d5 Ne5 10. Bf4 Bxf3 11. Bxf3 Nxf3+ 12. Qxf3 e5 13. Qe2 $146 ({RR} 13. Bg5 h6 14. Bxf6 Qxf6 15. Qxf6 gxf6 16. O-O-O Bb4 17. Ne4 f5 18. Nd2 Bxd2+ 19. Rxd2 Ke7 20. Re1 Kd6 21. Re3 Rhg8 22. c4 b6 23. b4 e4 24. Rc3 a5 25. c5+ Kd7 26. cxb6 cxb6 27. b5 Rg6 {1-0 Bulmaga,I (2424)-Castellano,C (2166) Ho Chi Minh City HD Bank op 9th 2019 (1)}) ({RR} 13. dxe6 Qxe6+ 14. Be3 O-O-O 15. h4 Bc5 16. O-O Bxe3 17. fxe3 h5 18. Rae1 Rd2 19. Re2 Rhd8 20. e4 Ng4 21. Rxd2 Rxd2 22. Nd5 Qe5 23. Qf4 Qd4+ 24. Kh1 Rh2# {0-1 Schiszler,E-Smirnov,A (2136) Titled Tue 30th Jul Early 2024 (1)}) 13... Nd7 14. O-O-O Be7 15. Be3 O-O-O 16. g4 h6 17. Ne4 Qb4 18. f3 Nb6 19. a3 Qc4 20. Qxc4 Nxc4 21. Bf2 g6 22. Rd3 f5 23. Nc5 Bg5+ 24. Kb1 Nd2+ 25. Ka2 e4 26. fxe4 fxe4 27. Rd4 e3 28. Bg3 Rhe8 29. h4 Bf6 30. Rd3 Nc4 31. b3 Nb2 32. Ne6 Nxd3 33. Nxd8 Rxd8 34. cxd3 Rxd5 35. Rf1 Bc3 36. Rf8+ Rd8 37. Rf7 Rxd3 38. Rxc7+ Kd8 39. Rc4 e2 40. Bf2 Rf3 0-1

[Event "Olympiad Women 2024"]
[Site "Budapest HUN"]
[Date "2024.09.12"]
[Round "2.34"]
[Board "3"]
[White "Junior, Ednasia"]
[Black "Omonova, Umida"]
[Result "0-1"]
[WhiteElo "1888"]
[BlackElo "2032"]
[PlyCount "60"]
[EventDate "2024.09.11"]
[WhiteTeam "Angola"]
[BlackTeam "Uzbekistan"]
[WhiteTeamCountry "ANG"]
[BlackTeamCountry "UZB"]

1. c4 e5 2. Nc3 d6 3. g3 f5 4. Bg2 Nf6 5. e3 Be7 6. Nge2 O-O 7. O-O a5 ({RR} 7... Na6 8. Rb1 c6 9. b4 e4 10. Qb3 Kh8 11. f3 d5 12. cxd5 cxd5 13. a3 Nc7 14. Nd4 Bd6 15. Bb2 Bd7 16. Rbc1 Be5 17. Nce2 Qe8 18. Rf2 Rc8 19. Rcf1 Nb5 20. fxe4 Ng4 21. Rxf5 Bxf5 22. exf5 {1-0 Spoelman,W (2557)-Ernst,S (2589) NED-ch Amsterdam 2013 (2)}) 8. b3 ({RR} 8. d4 Na6 9. a3 c6 10. Rb1 Qe8 11. b4 axb4 12. axb4 Nc7 13. b5 e4 14. f3 d5 15. b6 Ne6 16. cxd5 cxd5 17. fxe4 fxe4 18. Nf4 Nxf4 19. Rxf4 Qc6 20. Qb3 Be6 21. h3 Bd6 22. Rf1 Bxg3 {0-1 Mikhailovsky,V (2215)-Abdukhakimov,A (2271) Titled Tue 30th Jul Early 2024 (8)}) 8... c6 9. Ba3 $146 ({RR} 9. d4 Qe8 10. Na4 Be6 11. Nb2 Nbd7 12. Nd3 e4 13. Ndf4 Bf7 14. Nc3 g5 15. Nfe2 d5 16. cxd5 cxd5 17. a4 Rc8 18. Nb5 Nb8 19. Bd2 Nc6 20. Rc1 Be6 21. Qe1 Qh5 22. f3 Nb4 23. Bxb4 Bxb4 {0-1 Guder,S (1863)-Mueller,M Berlin Werner Ott op 2019 (2)}) 9... Be6 10. d4 Qc7 11. Rc1 Na6 12. Qd2 Rad8 13. e4 fxe4 14. Nxe4 Bf5 15. Nxf6+ Bxf6 16. d5 c5 17. Nc3 Qe7 18. Rce1 Bg5 19. f4 Bh6 20. Qe2 Nb4 21. fxe5 Bd3 22. Rxf8+ Rxf8 23. Qd1 Nc2 24. Bxc5 dxc5 25. d6 Qg5 26. Qxd3 Nxe1 27. Qe2 Qe3+ 28. Qxe3 Bxe3+ 29. Kh1 Nxg2 30. Kxg2 Bd4 0-1

[Event "Olympiad Women 2024"]
[Site "Budapest HUN"]
[Date "2024.09.12"]
[Round "2.34"]
[Board "4"]
[White "Malikova, Marjona"]
[Black "Pires, Luzia"]
[Result "1-0"]
[WhiteElo "2083"]
[BlackElo "1877"]
[PlyCount "42"]
[EventDate "2024.09.11"]
[WhiteTeam "Uzbekistan"]
[BlackTeam "Angola"]
[WhiteTeamCountry "UZB"]
[BlackTeamCountry "ANG"]

1. d4 d5 2. c4 e6 3. Nc3 Nf6 4. cxd5 exd5 5. Bg5 Be7 6. e3 O-O 7. Bd3 b6 8. Qc2 h6 9. Bh4 Ba6 ({RR} 9... Bb7 10. Nge2 Ne4 11. Bxe7 Qxe7 12. O-O Nd7 13. Nf4 Ndf6 14. Nfxd5 Nxd5 15. Bxe4 Nb4 16. Qb1 c6 17. a3 Nd5 18. Nxd5 cxd5 19. Bh7+ Kh8 20. Bd3 f5 21. Bxf5 Qg5 22. Bd3 Bc8 23. f4 Qg4 24. Qd1 {1-0 Kontogianni,V (1581)-Latos,D (1119) 50th TCh-GRE 2023 (2.10)}) 10. Nf3 Bxd3 11. Qxd3 c6 $146 12. Ne5 Ne4 13. Bxe7 Qxe7 14. Nxe4 dxe4 15. Qc4 c5 16. Ng6 Qg5 17. Nxf8 Kxf8 18. dxc5 Qxg2 19. O-O-O Qg5 20. cxb6 Nd7 21. Rxd7 axb6 1-0

[Event "Olympiad Women 2024"]
[Site "Budapest HUN"]
[Date "2024.09.12"]
[Round "2.35"]
[Board "1"]
[White "Dolgova, Olga"]
[Black "Cordero, Daniela"]
[Result "1/2-1/2"]
[WhiteElo "2171"]
[BlackElo "2017"]
[PlyCount "140"]
[EventDate "2024.09.11"]
[WhiteTeam "Norway"]
[BlackTeam "Bolivia"]
[WhiteTeamCountry "NOR"]
[BlackTeamCountry "BOL"]

1. d4 e6 2. Bf4 d5 3. e3 Bd6 4. Nf3 Nf6 5. Ne5 O-O 6. Bd3 Ne4 7. f3 ({RR} 7. Nd2 Nxd2 8. Qxd2 f6 9. Nf3 Nc6 10. e4 e5 11. dxe5 fxe5 12. Bg5 Qe8 13. Bb5 d4 14. a3 Qg6 15. Bd3 h6 16. Bh4 Bg4 17. Ng1 Be6 18. Bg3 Ne7 19. f4 exf4 20. e5 Nf5 21. Bxf4 Bd5 {0-1 Pavlidis,A (2358)-Mastrovasilis,A (2493) GRE-ch 67th Thessaloniki 2017 (6)}) ({RR} 7. Bxe4 dxe4 8. Nd2 f6 9. Nec4 Bxf4 10. exf4 f5 11. c3 Qh4 12. O-O Nd7 13. g3 Qh3 14. Re1 Nf6 15. Nf1 b6 16. Ne5 Bb7 17. Ne3 Rad8 18. Qe2 h5 19. Qf1 Qxf1+ 20. Kxf1 h4 21. Kg2 hxg3 {0-1 Marino Bravo,M (2134)-Schut,H (2091) Titled Tue 12th Mar Late 2024 (6)}) 7... Bxe5 8. Bxe5 $146 ({RR} 8. fxe4 Bxf4 9. exf4 dxe4 10. Bxe4 Qh4+ 11. g3 Qh3 12. Qf3 c6 13. Nd2 Nd7 14. O-O-O f6 15. Qe2 Re8 16. Nc4 Nb6 17. Bg2 Qh6 18. Nd6 Rd8 19. Nxc8 Raxc8 20. Qxe6+ Kh8 21. Rde1 Qh5 22. g4 Qb5 {1-0 Stefanovic,M (2056)-Sablic,B Belgrade Trophy 19th 2006 (1)}) 8... Nd6 9. Nd2 f6 10. Bg3 Nf5 11. Bf2 Nc6 12. c3 e5 13. O-O exd4 14. exd4 Nd6 15. Qc2 f5 16. Rfe1 Qf6 17. Bg3 Qh6 18. Be5 Nxe5 19. Rxe5 c6 20. Rae1 Bd7 21. Nf1 f4 22. b3 Rad8 23. Nd2 Nf7 24. R5e2 Ng5 25. c4 Qf6 26. Re5 dxc4 27. Qxc4+ Kh8 28. Qb4 Bc8 29. Bc4 Qg6 30. Kh1 b5 31. Bf1 Ne6 32. d5 cxd5 33. Bxb5 a6 34. Bc6 d4 35. Bd5 Rfe8 36. Be4 Qf6 37. Bd3 h6 38. Qb6 Qh4 39. Bf5 Qf2 40. R5e2 Qh4 41. h3 Nc7 42. Qxc7 Rxe2 43. Rxe2 Bxf5 44. Qf7 Rc8 45. Re8+ Rxe8 46. Qxe8+ Kh7 47. Qe5 Bd3 48. Kg1 Qg3 49. b4 Bb5 50. Qe4+ Kh8 51. Qa8+ Kh7 52. Qe4+ Kh8 53. Qa8+ Kh7 54. Qe4+ Kh8 55. a4 Bxa4 56. Nf1 Qg5 57. Qxd4 Bb5 58. Nd2 Qg3 59. Qe4 Qh4 60. Nb3 Qg3 61. Nd4 Bc4 62. Nf5 Qg5 63. h4 Qf6 64. Qxf4 Be6 65. Qb8+ Kh7 66. Ng3 Qd4+ 67. Kh2 Qxh4+ 68. Kg1 Qd4+ 69. Kh2 Qh4+ 70. Kg1 Qd4+ 1/2-1/2

[Event "Olympiad Women 2024"]
[Site "Budapest HUN"]
[Date "2024.09.12"]
[Round "2.35"]
[Board "2"]
[White "Monroy G., Nataly A."]
[Black "Koskela, Niina"]
[Result "0-1"]
[WhiteElo "1939"]
[BlackElo "2173"]
[PlyCount "90"]
[EventDate "2024.09.11"]
[WhiteTeam "Bolivia"]
[BlackTeam "Norway"]
[WhiteTeamCountry "BOL"]
[BlackTeamCountry "NOR"]

1. d4 Nf6 2. Nf3 e6 3. Bg5 h6 4. Bf4 b6 5. h3 Bb7 6. e3 d6 7. Bd3 Be7 8. O-O O-O 9. Nbd2 Nbd7 $146 ({RR} 9... Nd5 10. Bh2 f5 11. c4 Nf6 12. Qc2 Nbd7 13. b4 Qe8 14. d5 exd5 15. Bxf5 c5 16. Bg6 Qc8 17. b5 dxc4 18. Nxc4 Bxf3 19. gxf3 Ne5 20. Nxe5 dxe5 21. Bf5 Qb7 22. Qc4+ Kh8 23. e4 Bd6 24. Rfd1 {½-½ Saunier,S (1866)-Martin,A (1733) Paris-ch op-B 2009 (8)}) 10. Bh2 d5 11. c4 c5 12. Rc1 Rc8 13. b3 cxd4 14. exd4 Ba3 15. Rc2 Qe7 16. Nb1 Bd6 17. Bxd6 Qxd6 18. Nc3 a6 19. cxd5 Nxd5 20. Nxd5 Qxd5 21. Bc4 Qf5 22. Ne1 Nf6 23. Bd3 Qd5 24. Bc4 Qd6 25. a4 Rfd8 26. Rd2 Ne4 27. Rd3 b5 28. axb5 axb5 29. Bxb5 Nc3 30. Qh5 g6 31. Qxh6 Nxb5 32. Rg3 Qxd4 33. h4 Qg7 34. Qg5 Nc3 35. Re3 Ne4 36. Qe7 Bd5 37. Nf3 Qf8 38. Qa7 Qc5 39. Qa4 Ra8 40. Qd4 Qxd4 41. Nxd4 Ra2 42. f3 Ng3 43. Rd1 Nf5 44. Nxf5 gxf5 45. Rd4 Rc8 0-1

[Event "Olympiad Women 2024"]
[Site "Budapest HUN"]
[Date "2024.09.12"]
[Round "2.35"]
[Board "3"]
[White "Stanford, Sheila Barth"]
[Black "Yepez Montenegro, Gloria Luz"]
[Result "1-0"]
[WhiteElo "2175"]
[BlackElo "1818"]
[PlyCount "83"]
[EventDate "2024.09.11"]
[WhiteTeam "Norway"]
[BlackTeam "Bolivia"]
[WhiteTeamCountry "NOR"]
[BlackTeamCountry "BOL"]

1. e4 e6 2. d4 d5 3. e5 c5 4. c3 Nc6 5. Nf3 Bd7 6. Bd3 cxd4 7. O-O dxc3 8. Nxc3 a6 ({RR} 8... Nge7 9. Bg5 Qb8 10. Re1 Ng6 11. Rc1 h6 12. Be3 Ngxe5 13. Nxe5 Nxe5 14. Bb5 Bd6 15. Bd4 Nc6 16. Nxd5 Kf8 17. Nc3 Nxd4 18. Qxd4 Bxb5 19. Nxb5 Bxh2+ 20. Kh1 a6 21. Qc5+ Kg8 22. Nc7 Bxc7 23. Qxc7 {0-1 Mamedov,R (2656)-Rapport,R (2763) Gashimov Memorial Rapid 7th 2021 (5.1)}) 9. Be3 Nge7 10. Bc5 $146 ({RR} 10. Na4 Ng6 11. Nb6 Rb8 12. Bxg6 hxg6 13. a3 Be7 14. Rc1 O-O 15. b4 f6 16. Nxd7 Qxd7 17. Qd3 fxe5 18. Qxg6 Rf6 19. Qg4 Rbf8 20. Bg5 Rf5 21. Bxe7 Qxe7 22. h4 Rf4 23. Qh5 Qf7 24. Qxf7+ R8xf7 {0-1 Vajic,G (2302)-Shipov,S (2541) Titled Tue 13th Dec Early 2022 (3)}) ({RR} 10. h4 Ng6 11. Re1 Nxh4 12. Ng5 Ng6 13. Nxd5 exd5 14. e6 Bxe6 15. Qh5 Qf6 16. Nxe6 fxe6 17. Bg5 Qf7 18. Bxg6 hxg6 19. Qxh8 Kd7 20. Rad1 Re8 21. Qh3 Kc7 22. Bh4 e5 23. Qb3 Bc5 24. Rxd5 Rf8 {1-0 Kanyamarala,T (2284)-Mekhitarian,K (2554) Titled Tue 9th Jan Early 2024 (3)}) 10... Ng6 11. Bxf8 Nxf8 12. Re1 Ng6 13. g3 O-O 14. h4 f6 15. Bxg6 hxg6 16. Qd2 Qb6 17. Na4 Qa7 18. Rac1 fxe5 19. Ng5 e4 20. Nc5 Rad8 21. Qe3 Bc8 22. Ncxe6 Bxe6 23. Qxa7 Nxa7 24. Nxe6 Nc6 25. Nxd8 Rxd8 26. Re3 Rf8 27. Rc5 Rd8 28. f3 exf3 29. Rxf3 Ne5 30. Re3 Nc6 31. Kf2 Kf7 32. Ke1 Kf6 33. Kd2 Ne5 34. b3 Nc6 35. Rc1 g5 36. Rf1+ Kg6 37. Re6+ Kh7 38. hxg5 Nd4 39. Re7 Kg6 40. Rxb7 Ne6 41. Rb6 Re8 42. Re1 1-0